ბათუმის შოთა რუსთაველის სახელმწიფო უნივერსიტეტის ბიბლიოთეკა

ხაზვის კურსი : (ბიბ.ჩანაწერი № 56885)

000 -ლიდერი
ფიქსირებული სიგრძის საკონტროლო ველი 00827nam a22002057a 4500
003 - საკონტროლო ნომრის იდენტიფიკატორი
საკონტროლო ველი Ge_BSU
005 - ბოლო ოპერაციის თარიღი და დრო
საკონტროლო ველი 20190610141616.0
008 - ფიქსირებული სიგრძის მონაცემთა ელემენტები - ზოგადი ინფორმაცია
ფიქსირებული სიგრძის საკონტროლო ველი 190610b1971 ge ||||| |||| 00| 0 geo d
041 ## - ენის კოდი
Language code of text/sound track or separate title geo
080 ## - უნივერსალური ათობითი კლასიფიკაციის ინდექსი
Universal Decimal Classification number 744(075.8) ბ-97
100 ## - მთავარი ჩანაწერი - პიროვნების სახელი
Personal name ბურჭულაძე, ს.
9 (RLIN) 2257
245 ## - ცნობა სათაურის შესახებ
Title ხაზვის კურსი :
Remainder of title სახელმძღ. /
Statement of responsibility, etc ს. ბურჭულაძე ; რედ. მ. ბასიშვილი, ი. სემიკინა
250 ## - გამოცემის ცნობა
Edition statement მე-3 გამოც.
264 ## - წარმოების, გამოცემის, დისტრიბუციის და სხვა ცნობები
გამოცემის, წარმოების, დისტრიბუციის... ადგილი თბილისი :
გამოცემის, წარმოების, დისტრიბუციის... სახელწოდება განათლება,
გამოცემის, წარმოების, დისტრიბუციის... თარიღი 1971.
300 ## - ფიზიკური აღწერა
Extent 340 გვ. :
Other physical details ილ. ;
Dimensions 27 სმ.
653 ## - INDEX TERM--UNCONTROLLED
Uncontrolled term ხაზვა
700 ## - ADDED ENTRY--PERSONAL NAME
Personal name ბასიშვილი, მ.
Relator term რედაქტორი
9 (RLIN) 2319
700 ## - ADDED ENTRY--PERSONAL NAME
Personal name სემიკინა, ი.
9 (RLIN) 1337
942 ## - ADDED ENTRY ELEMENTS (KOHA)
Source of classification or shelving scheme
Koha item type წიგნი

არაა ხელმისაწვდომი ეგზემპლარები.